书目信息 |
| 题名: |
世界成功产品造型设计大图典
|
|
| 作者: | 柳冠中 主编 | |
| 分册: | ||
| 出版信息: | 长春 吉林科学技术出版社 1996.08 |
|
| 页数: | 532页 | |
| 开本: | 28cm | |
| 丛书名: | ||
| 单 册: | ||
| 中图分类: | TB472-64 | |
| 科图分类: | ||
| 主题词: | 工业技术--通用 , 工业--设备--通用性 | |
| 电子资源: | ||
| ISBN: | 7-5384-1594-7 | |
| 000 | 00645nam0 2200205 45 | |
| 001 | 0356935494 | |
| 005 | 2003052215485550 | |
| 010 | @a7-5384-1594-7@dRMB 225.00 | |
| 100 | @a20030522d1996 km y0chiy0120 ea | |
| 101 | 0 | @achi |
| 102 | @aCN@b220000 | |
| 200 | 1 | @a世界成功产品造型设计大图典@Ashi jie cheng gong chan pin zao xing she ji da tu dian@f柳冠中主编@FLiu Guan Zhong Zhu Bian |
| 210 | @a长春@c吉林科学技术出版社@d1996.08 | |
| 215 | @a532页@d28cm | |
| 606 | 0 | @a工业技术@x通用 |
| 606 | 0 | @a工业@x设备@x通用性 |
| 690 | @aTB472-64@v4 | |
| 701 | 0 | @a柳冠中@ALiu Guan Zhong@4主编 |
| 801 | 0 | @aCN@bPFT@c20030522 |
| 905 | @a10447@dTB472-64@eL750 | |
| 世界成功产品造型设计大图典/柳冠中主编.-长春:吉林科学技术出版社,1996.08 |
| 532页;28cm |
| ISBN 7-5384-1594-7:RMB 225.00 |
| ● |
| 相关链接 |
|
|
|
正题名:世界成功产品造型设计大图典
索取号:TB472-64/L750
 
预约/预借
| 序号 | 登录号 | 条形码 | 馆藏地/架位号 | 状态 | 备注 |
| 1 | 368017 | 203680178 | 自科库501/501自科库 17排2列4层/ [索取号:TB472-64/L750] | 在馆 |